| 000 | 00320nam a2200109Ia 4500 | ||
|---|---|---|---|
| 008 | 220204s9999 xx 000 0 und d | ||
| 082 |
_a581.4(038) _bHOW |
||
| 100 | _aHowes, F N | ||
| 245 | 0 | _aDictionary of useful and everyday plants and their common names | |
| 260 |
_aCambridge _bCambridge University _c1975 |
||
| 942 | _cBK | ||
| 999 |
_c27660 _d27660 |
||